000 02301cam a2200361 i 4500
001 19263455
003 OSt
005 20260422020003.0
008 160831t2017 nyua 001 0 eng c
010 _a 2016040124
020 _a9781107154834
_q(hardback ;
_qalk. paper)
035 _a19263455
040 _aOU/DLC
_beng
_cOU
_erda
_dDLC
042 _apcc
082 0 0 _a523.1
_bRYD
100 1 _aRyden, Barbara,
_eauthor.
_93674
245 1 0 _aIntroduction to cosmology /
_cBarbara Ryden, The Ohio State University.
250 _a2/e
264 1 _aNew York, NY :
_bCambridge University Press,
_c2017.
300 _axii, 264 pages ;
_c26 cm
336 _atext
_btxt
_2rdacontent
337 _aunmediated
_bn
_2rdamedia
338 _avolume
_bnc
_2rdacarrier
500 _aIncludes index.
520 _a"The second edition of Introduction to Cosmology is an exciting update of this award-winning textbook. It is aimed primarily at advanced undergraduate students in physics and astronomy, but is also useful as a supplementary text at higher levels. It explains modern cosmological concepts, such as dark energy, in the context of the Big Bang theory. Its clear, lucid writing style, with a wealth of useful everyday analogies, makes it exceptionally engaging. Emphasis is placed on the links between theoretical concepts of cosmology and the observable properties of the universe, building deeper physical insights in the reader. The second edition includes recent observational results, fuller descriptions of special and general relativity, expanded discussions of dark energy, and a new chapter on baryonic matter that makes up stars and galaxies. It is an ideal textbook for the era of precision cosmology in the accelerating universe"--
_cProvided by publisher.
650 0 _aCosmology.
_91542
856 4 2 _3Contributor biographical information
_uhttps://www.loc.gov/catdir/enhancements/fy1618/2016040124-b.html
856 4 2 _3Publisher description
_uhttps://www.loc.gov/catdir/enhancements/fy1618/2016040124-d.html
856 4 1 _3Table of contents only
_uhttps://www.loc.gov/catdir/enhancements/fy1618/2016040124-t.html
906 _a7
_bcbc
_corignew
_d1
_eecip
_f20
_gy-gencatlg
942 _2ddc
_cBK
_02
999 _c1871
_d1871